[Event "Open Nord 2010/2011"]
[Site "Meyreuil"]
[Date "2010.10.27"]
[Round "1"]
[White "Arthaud, Geoffrey"]
[Black "Garcia, Robustiano"]
[Result "0-1"]
[WhiteElo "1499"]
[BlackElo "1670"]
[PlyCount "76"]
[EventDate "2010.??.??"]

1. d4 Nf6 2. Nf3 g6 3. Nc3 Bg7 4. e4 d6 5. Be3 O-O 6. Qd2 Bg4 7. Be2 Nc6 8.
O-O-O Na5 9. h3 Bxf3 10. Bxf3 Nc4 11. Qd3 Nxe3 12. Qxe3 c6 13. Kb1 d5 14. exd5
Nxd5 15. Nxd5 cxd5 16. g4 e6 17. h4 Rc8 18. Be2 Qf6 19. g5 Qe7 20. f4 Qc7 21.
c3 a6 22. h5 b5 23. Rdf1 Qd6 24. Qg3 b4 25. hxg6 fxg6 26. Qh4 bxc3 27. Qxh7+
Kf7 28. Bd3 c2+ 29. Bxc2 Rxc2 30. Rh6 Rxb2+ 31. Kxb2 Qb4+ 32. Kc2 Rc8+ 33. Kd3
Qxd4+ 34. Ke2 Rc2+ 35. Kf3 Qe4+ 36. Kg3 Qg2+ 37. Kh4 Qh2+ 38. Kg4 Rg2+ 0-1

[Event "Open Nord 2010/2011"]
[Site "Meyreuil"]
[Date "2010.11.06"]
[Round "1"]
[White "Schiano-Lomoriello, Didier"]
[Black "Mengus, Michel"]
[Result "0-1"]
[WhiteElo "1530"]
[BlackElo "1700"]
[PlyCount "116"]
[EventDate "2010.??.??"]

1. e4 c6 2. d4 d5 3. Nc3 dxe4 4. Nxe4 Nd7 5. Nf3 Ngf6 6. Nxf6+ Nxf6 7. c3 g6 8.
Bc4 Bg7 9. O-O O-O 10. Bg5 Ne4 11. Bf4 Bg4 12. h3 Bxf3 13. Qxf3 Nd6 14. Bb3 e6
15. Rfe1 Qd7 16. Rad1 Rae8 17. Re2 Nf5 18. g4 Ne7 19. Bg5 Nd5 20. Bxd5 exd5 21.
Rde1 Rxe2 22. Qxe2 f6 23. Bh4 g5 24. Bg3 Kf7 25. Kg2 Re8 26. Qxe8+ Qxe8 27.
Rxe8 Kxe8 28. f4 gxf4 29. Bxf4 Kf7 30. Kf3 Kg6 31. Bb8 a6 32. Bf4 Bf8 33. Ke3
f5 34. Kf3 Be7 35. Kg3 a5 36. Kf3 b5 37. Bc7 a4 38. Kg3 b4 39. Kf3 fxg4+ 40.
Kxg4 h5+ 41. Kg3 Kf5 42. Kf3 b3 43. axb3 axb3 44. Bf4 c5 45. Ke3 cxd4+ 46. cxd4
Ba3 47. Be5 Bxb2 48. Kd3 Kg5 49. Bg3 Bxd4 50. Kd2 Kf5 51. Bd6 Ke4 52. h4 Bb2
53. Bc7 d4 54. Bd6 Bc3+ 55. Kc1 Kd3 56. Kd1 b2 57. Ba3 b1=Q+ 58. Bc1 Qc2# 0-1

[Event "Open Nord 2010/2011"]
[Site "Meyreuil"]
[Date "2010.11.06"]
[Round "1"]
[White "Beraud, Robert"]
[Black "Olive, Guillaume"]
[Result "1-0"]
[WhiteElo "1720"]
[BlackElo "1610"]
[PlyCount "53"]
[EventDate "2010.??.??"]

1. e4 e5 2. Nf3 Nc6 3. Bb5 d6 4. d4 Bd7 5. O-O Nf6 6. Re1 Be7 7. d5 Nb4 8.
Bxd7+ Qxd7 9. c4 O-O 10. Nc3 c6 11. a3 Na6 12. b4 b5 13. c5 Nc7 14. Bg5 a5 15.
Qb3 h6 16. Bxf6 Bxf6 17. Rad1 dxc5 18. bxc5 cxd5 19. exd5 Rfe8 20. Ne4 Qf5 21.
Nd6 Qf4 22. Nxe8 Rxe8 23. d6 a4 24. Qc2 Ne6 25. c6 b4 26. Qxa4 Nd4 27. Nxd4 1-0

[Event "Open Nord 2010/2011"]
[Site "Meyreuil"]
[Date "2010.11.06"]
[Round "1"]
[White "Raymond, Xavier"]
[Black "Gozzo, Jean-Claude"]
[Result "1-0"]
[WhiteElo "1480"]
[BlackElo "1630"]
[PlyCount "53"]
[EventDate "2010.??.??"]

1. e4 e6 2. d4 d5 3. Nd2 Nf6 4. e5 Nfd7 5. Bd3 c5 6. c3 Nc6 7. Ndf3 cxd4 8.
cxd4 Be7 9. Ne2 O-O 10. O-O f6 11. Bf4 fxe5 12. Bxe5 Ndxe5 13. Nxe5 Qc7 14. Qc2
g6 15. Rac1 Bd7 16. Bxg6 Rf6 17. Bxh7+ Kg7 18. Ng4 Raf8 19. Nxf6 Rxf6 20. f4
Bd6 21. Rf3 Rh6 22. Rg3+ Kf6 23. Rg6+ Rxg6 24. Qxg6+ Ke7 25. Qg5+ Kf8 26. Qf6+
Ke8 27. Bg6# 1-0

[Event "Open Nord 2010/2011"]
[Site "Meyreuil"]
[Date "2010.11.06"]
[Round "1"]
[White "Montanelli, Tristan"]
[Black "Joubert, Leo"]
[Result "1-0"]
[WhiteElo "1628"]
[BlackElo "1753"]
[PlyCount "67"]
[EventDate "2010.??.??"]

1. Nf3 Nf6 2. c4 g6 3. b4 Bg7 4. Bb2 d6 5. g3 O-O 6. Bg2 e5 7. Nc3 c6 8. d3 Be6
9. Ne4 Nxe4 10. dxe4 Bxc4 11. Qc2 Be6 12. O-O Nd7 13. Rfd1 d5 14. exd5 cxd5 15.
Ne1 Rc8 16. Qa4 a6 17. b5 Nb6 18. Qb4 Nc4 19. Bxd5 Bxd5 20. e4 a5 21. Qb3 Nb6
22. exd5 Nc4 23. Rab1 Nxb2 24. Rxb2 Qd6 25. Nc2 b6 26. Ne3 Rfd8 27. Re2 Rc5 28.
Nc4 Qc7 29. d6 Qb7 30. f4 exf4 31. Re7 Qb8 32. Ne5 Rf8 33. Nd7 Qc8 34. Nxc5 1-0

[Event "Open Nord 2010/2011"]
[Site "Meyreuil"]
[Date "2010.11.06"]
[Round "1"]
[White "Navarro, Bertrand"]
[Black "Blondelon, Claude"]
[Result "1-0"]
[WhiteElo "1686"]
[BlackElo "1490"]
[PlyCount "21"]
[EventDate "2010.??.??"]

1. d4 d5 2. Bf4 Nc6 3. e3 Nf6 4. Nf3 Bd7 5. Nbd2 e6 6. a3 Be7 7. Ne5 Nxe5 8.
dxe5 Nh5 9. Qxh5 c5 10. Be2 Qb6 11. b3 1-0

[Event "Open Nord 2010/2011"]
[Site "Meyreuil"]
[Date "2010.11.06"]
[Round "1"]
[White "Thiers, Jean-Jacques"]
[Black "Lucas, Jacques"]
[Result "0-1"]
[WhiteElo "1660"]
[BlackElo "1390"]
[PlyCount "66"]
[EventDate "2010.??.??"]

1. e4 d6 2. d4 e6 3. c4 Nd7 4. Nf3 Be7 5. Nc3 c5 6. Be3 b6 7. d5 e5 8. Be2 h6
9. h3 Ngf6 10. Nh2 Nf8 11. Qd2 Ng6 12. Ng4 Nh4 13. O-O g5 14. g3 Ng6 15. f4
Nxg4 16. Bxg4 Bxg4 17. hxg4 f6 18. f5 Nf8 19. Rf2 h5 20. Rh2 h4 21. Qg2 Nd7 22.
Bf2 Kf7 23. gxh4 gxh4 24. Bxh4 Qg8 25. Kf2 Qg7 26. Rah1 Rag8 27. Kf3 Nf8 28.
Be1 Nh7 29. Bd2 Ng5+ 30. Bxg5 Rxh2 31. Rxh2 Qxg5 32. Qd2 Qxg4+ 33. Kf2 Qg3+ 0-1

[Event "Open Nord 2010/2011"]
[Site "Meyreuil"]
[Date "2010.11.06"]
[Round "2"]
[White "Joubert, Leo"]
[Black "Arthaud, Geoffrey"]
[Result "1-0"]
[WhiteElo "1753"]
[BlackElo "1499"]
[PlyCount "41"]
[EventDate "2010.??.??"]

1. d4 Nf6 2. c4 e6 3. Nc3 Bb4 4. a3 Bxc3+ 5. bxc3 b6 6. f3 Ba6 7. e3 Nc6 8. Bd3
Qc8 9. Nh3 Na5 10. Qe2 Nb3 11. Rb1 Nxc1 12. Rxc1 Qb7 13. e4 d6 14. O-O O-O 15.
f4 Rfe8 16. e5 Nd7 17. Bxh7+ Kxh7 18. Qh5+ Kg8 19. Ng5 Re7 20. Qh7+ Kf8 21.
Qh8# 1-0

[Event "Open Nord 2010/2011"]
[Site "Meyreuil"]
[Date "2010.11.06"]
[Round "2"]
[White "Blondelon, Claude"]
[Black "Thiers, Jean-Jacques"]
[Result "0-1"]
[WhiteElo "1490"]
[BlackElo "1660"]
[PlyCount "78"]
[EventDate "2010.??.??"]

1. d4 d5 2. Nf3 Nf6 3. c4 e6 4. Nc3 Nbd7 5. Bf4 c6 6. e3 Be7 7. Be2 O-O 8. Nd2
dxc4 9. Bxc4 Nd5 10. Nxd5 exd5 11. Bd3 Nf6 12. Be2 Bf5 13. O-O Re8 14. a3 h6
15. Bf3 Bd6 16. Bg3 Re6 17. Bxd6 Qxd6 18. Re1 Rae8 19. Nb3 Be4 20. Nc5 R6e7 21.
Rc1 Bxf3 22. Qxf3 Ne4 23. Nxe4 Rxe4 24. h3 R8e6 25. g3 Qe7 26. Rcd1 Rf6 27. Qg2
Qe6 28. Re2 h5 29. Rde1 Qf5 30. Kh1 g5 31. Rf1 Qe6 32. Rfe1 g4 33. h4 Rf3 34.
Qf1 Qf5 35. Kg2 Re6 36. Rd2 Qe4 37. Ree2 Rxe3+ 38. Kg1 Rxe2 39. Rxe2 Qxe2 0-1

[Event "Open Nord 2010/2011"]
[Site "Meyreuil"]
[Date "2010.11.06"]
[Round "2"]
[White "Montanelli, Tristan"]
[Black "Navarro, Bertrand"]
[Result "0-1"]
[WhiteElo "1628"]
[BlackElo "1686"]
[PlyCount "48"]
[EventDate "2010.??.??"]

1. Nf3 g6 2. d4 Bg7 3. c3 d6 4. Bg5 h6 5. Bh4 Nf6 6. h3 b6 7. Nbd2 Bb7 8. e3 c5
9. Bd3 Nbd7 10. O-O O-O 11. Re1 Qc8 12. e4 e5 13. d5 Nh5 14. Bf1 Ndf6 15. Nc4
Qd7 16. Ne3 Nxe4 17. g4 Nf4 18. Kh2 Nf6 19. c4 Nh7 20. Qd2 e4 21. Ng1 f5 22.
Nxf5 gxf5 23. Bg3 fxg4 24. Bxf4 Rxf4 0-1

[Event "Open Nord 2010/2011"]
[Site "Meyreuil"]
[Date "2010.11.06"]
[Round "2"]
[White "Gozzo, Jean-Claude"]
[Black "Olive, Guillaume"]
[Result "0-1"]
[WhiteElo "1630"]
[BlackElo "1610"]
[PlyCount "100"]
[EventDate "2010.??.??"]

1. d4 d5 2. c4 e6 3. Nc3 Nf6 4. Nf3 Nc6 5. Bg5 Bb4 6. e3 h6 7. Bh4 g5 8. Bg3
Ne4 9. Qc2 g4 10. Ne5 Nxe5 11. Bxe5 f6 12. Qa4+ Bd7 13. Qxb4 Nxc3 14. bxc3 fxe5
15. dxe5 Bc6 16. cxd5 Qxd5 17. Qd4 O-O-O 18. Qxd5 Rxd5 19. Be2 Rxe5 20. O-O h5
21. Rad1 Rg8 22. Rd4 Re4 23. Bc4 Re8 24. Rfd1 Rxd4 25. cxd4 b5 26. Bb3 Bd5 27.
Bc2 Kb7 28. a3 Kb6 29. Rc1 a5 30. Bd3 b4 31. axb4 axb4 32. Rb1 c5 33. dxc5+
Kxc5 34. Rc1+ Kd6 35. e4 Ba2 36. Kf1 b3 37. Bb1 Bxb1 38. Rxb1 Rb8 39. Ke2 Kc5
40. Kd2 Kb4 41. Rb2 Rd8+ 42. Kc1 Kc3 43. Re2 Rb8 44. Kb1 Rd8 45. Kc1 Rd3 46. e5
h4 47. g3 h3 48. f4 gxf3 49. Rf2 Re3 50. Rf1 f2 0-1

[Event "Open Nord 2010/2011"]
[Site "Meyreuil"]
[Date "2010.11.06"]
[Round "2"]
[White "Raymond, Xavier"]
[Black "Schiano-Lomoriello, Didier"]
[Result "1-0"]
[WhiteElo "1480"]
[BlackElo "1530"]
[PlyCount "66"]
[EventDate "2010.??.??"]

1. e4 c5 2. Nf3 d6 3. d4 cxd4 4. Nxd4 Nf6 5. Nc3 g6 6. Be3 Bg7 7. Be2 O-O 8. f3
Nc6 9. Qd2 Bd7 10. O-O-O Rc8 11. g4 Ne5 12. g5 Nh5 13. f4 Nc4 14. Bxc4 Rxc4 15.
Qe2 Qc8 16. Nd5 Re8 17. f5 e6 18. fxe6 fxe6 19. Nf6+ Nxf6 20. gxf6 Bxf6 21.
Rhg1 a6 22. Qf2 Rf8 23. Qg2 Qc7 24. Rgf1 Bg7 25. Rxf8+ Bxf8 26. Rf1 Qc8 27. h4
e5 28. Nf5 Bxf5 29. exf5 Rxh4 30. fxg6 Rg4 31. Qd5+ Kh8 32. Qf7 Bg7 33. Bh6
Rxg6 1-0

[Event "Open Nord 2010/2011"]
[Site "Meyreuil"]
[Date "2010.11.06"]
[Round "2"]
[White "Lucas, Jacques"]
[Black "Beraud, Robert"]
[Result "1/2-1/2"]
[WhiteElo "1390"]
[BlackElo "1720"]
[PlyCount "120"]
[EventDate "2010.??.??"]

1. Nf3 Nf6 2. d3 g6 3. Bd2 Bg7 4. Qc1 h5 5. Nc3 d6 6. e4 e5 7. Bg5 c6 8. Qd2
Be6 9. O-O-O Qa5 10. Kb1 Nbd7 11. h3 d5 12. exd5 Nxd5 13. Nxd5 Qxd5 14. c4 Qd6
15. Be3 c5 16. Ng5 Bf5 17. f3 Nb6 18. Ne4 Bxe4 19. fxe4 Nd7 20. Be2 a6 21. g4
hxg4 22. Bxg4 Nf6 23. Bf3 b6 24. Bg5 Rd8 25. Bxf6 Qxf6 26. Bg4 Bh6 27. Qe2 O-O
28. Rhf1 Bf4 29. Qc2 Qc6 30. Qg2 Rd4 31. h4 Rfd8 32. Qe2 Qd6 33. Rf3 b5 34. b3
bxc4 35. bxc4 Rb8+ 36. Ka1 Qb6 37. Qc2 Rd6 38. Rb1 Qxb1+ 39. Qxb1 Rxb1+ 40.
Kxb1 Rb6+ 41. Kc2 Kf8 42. h5 gxh5 43. Bxh5 Rh6 44. Rh3 Ke7 45. Bg4 Rxh3 46.
Bxh3 Kd6 47. Kb3 Kc7 48. Ka4 Kb6 49. Kb3 Be3 50. a4 a5 51. Kc2 Kc7 52. Kd1 Kd6
53. Ke2 Bg5 54. Kf3 Ke7 55. Kg4 f6 56. Kf5 Kf7 57. Bg4 Bh4 58. Bh5+ Ke7 59. Kg6
Bf2 60. Bg4 Be3 1/2-1/2

[Event "Open Nord 2010/2011"]
[Site "?"]
[Date "2010.11.06"]
[Round "2"]
[White "Mengus, Michel"]
[Black "Garcia, Robustiano"]
[Result "0-1"]
[WhiteElo "1700"]
[BlackElo "1670"]
[PlyCount "118"]
[EventDate "2010.??.??"]

1. c4 Nf6 2. Nc3 g6 3. e4 d6 4. g3 Bg7 5. Bg2 e5 6. Nge2 O-O 7. O-O Nc6 8. d3
Nh5 9. Nd5 f5 10. f4 exf4 11. Ndxf4 Nxf4 12. Nxf4 Bd4+ 13. Kh1 Ne7 14. Rb1 c6
15. b3 fxe4 16. dxe4 Be5 17. Nd3 Bg7 18. Bb2 Be6 19. Bxg7 Kxg7 20. Qd2 Kg8 21.
Nf4 Qd7 22. Rbd1 Rad8 23. Nxe6 Qxe6 24. Rxf8+ Kxf8 25. Qc3 Kg8 26. Rf1 Rf8 27.
Rxf8+ Kxf8 28. Qh8+ Qg8 29. Qxg8+ Nxg8 30. Kg1 Ke7 31. Kf2 Nf6 32. h3 Ke6 33.
g4 h6 34. Ke3 Ke5 35. Bf3 g5 36. Bg2 Nd7 37. Bf3 a5 38. Be2 Nc5 39. Bf3 b5 40.
cxb5 cxb5 41. Bg2 b4 42. Bf3 a4 43. bxa4 Nxa4 44. Be2 Nc3 45. Bc4 Nxe4 46. Be2
d5 47. Bd3 Nc3 48. Kd2 Nxa2 49. Kc2 Kd4 50. Ba6 Nc3 51. Kb3 Kc5 52. Bd3 d4 53.
Ba6 Nd5 54. Bc4 Nf4 55. Bf1 d3 56. Kb2 Kc4 57. Kc1 Kc3 58. Kd1 Kb2 59. Kd2 Ka2
0-1

[Event "Open Nord 2010/2011"]
[Site "Meyreuil"]
[Date "2010.12.04"]
[Round "3"]
[White "Navarro, Bertrand"]
[Black "Raymond, Xavier"]
[Result "1/2-1/2"]
[WhiteElo "1686"]
[BlackElo "1480"]
[PlyCount "90"]
[EventDate "2010.??.??"]

1. d4 d5 2. Bf4 Nf6 3. e3 e6 4. Bd3 c5 5. c3 c4 6. Bc2 Nc6 7. Nd2 Be7 8. Ngf3
O-O 9. h3 Re8 10. g4 Bd6 11. Ne5 g6 12. Qf3 Bxe5 13. Bxe5 Nxe5 14. dxe5 Nd7 15.
Qg3 b5 16. h4 Bb7 17. Rh2 Kg7 18. g5 Qb6 19. h5 b4 20. hxg6 hxg6 21. Ba4 Bc6
22. Bxc6 Qxc6 23. f4 bxc3 24. bxc3 Rh8 25. Rh6 Qa4 26. e4 Rxh6 27. gxh6+ Kxh6
28. exd5 exd5 29. Qg5+ Kg7 30. Qe7 Qc6 31. Nf3 Qe6 32. Qg5 Rh8 33. O-O-O Qf5
34. Qxf5 gxf5 35. Rxd5 Nb6 36. Ra5 Rh3 37. Nd4 Rxc3+ 38. Kb2 Rh3 39. Nxf5+ Kg6
40. Ne7+ Kh7 41. Rxa7 Rh2+ 42. Kc3 Rh3+ 43. Kb2 Rh2+ 44. Kc1 Rh1+ 45. Kc2 Rh2+
1/2-1/2

[Event "Open Nord 2010/2011"]
[Site "Meyreuil"]
[Date "2010.12.04"]
[Round "3"]
[White "Beraud, Robert"]
[Black "Mengus, Michel"]
[Result "1-0"]
[WhiteElo "1720"]
[BlackElo "1700"]
[PlyCount "85"]
[EventDate "2010.??.??"]

1. e4 c6 2. d4 d5 3. exd5 cxd5 4. Bd3 Nf6 5. c3 g6 6. Bf4 Bg7 7. Nf3 O-O 8. O-O
b6 9. Nbd2 Ba6 10. Bxa6 Nxa6 11. Ne5 Nb8 12. Re1 e6 13. Ndf3 Re8 14. Ng5 Rf8
15. h4 Qc8 16. Qd2 Nc6 17. Ngf3 Nxe5 18. Nxe5 Re8 19. Bh6 Qc7 20. Re2 Ne4 21.
Qe3 f5 22. Bxg7 Kxg7 23. f3 Ng3 24. Rf2 Qe7 25. Qf4 Nh5 26. Qh2 f4 27. Re1 Qf6
28. Rd2 Rac8 29. Qh3 Ng3 30. Nd3 Nh5 31. Re5 Rf8 32. Rxe6 Qf5 33. Re7+ Kg8 34.
Qxf5 Rxf5 35. Rde2 Rff8 36. Rxa7 Rfe8 37. Ree7 Rxe7 38. Rxe7 Kf8 39. Rxh7 Kg8
40. Rd7 Re8 41. Ne5 Ng3 42. Rxd5 Kh7 43. Rd6 1-0

[Event "Open Nord 2010/2011"]
[Site "Meyreuil"]
[Date "2010.12.04"]
[Round "3"]
[White "Garcia, Robustiano"]
[Black "Lucas, Jacques"]
[Result "1-0"]
[WhiteElo "1670"]
[BlackElo "1390"]
[PlyCount "75"]
[EventDate "2010.??.??"]

1. d4 Nf6 2. c4 d6 3. Nc3 Bd7 4. e4 e5 5. d5 g6 6. Nf3 Bg7 7. Be2 Na6 8. O-O
Nc5 9. Qc2 b6 10. b4 Nb7 11. Be3 c5 12. dxc6 Bxc6 13. b5 Bd7 14. Rfd1 Qc7 15.
Qd2 O-O 16. Bh6 Rfd8 17. Bxg7 Kxg7 18. Ne1 Bg4 19. f3 Be6 20. Rac1 Rac8 21. Nd5
Bxd5 22. cxd5 Nc5 23. Nd3 Qe7 24. Nb4 Qd7 25. Rc2 Nh5 26. Rdc1 Nf4 27. g3 Nh5
28. Nd3 Re8 29. Qe3 f5 30. Nxc5 bxc5 31. a4 f4 32. Qf2 Qh3 33. Bf1 Qd7 34. g4
Nf6 35. Qh4 Qe7 36. Bh3 Rb8 37. Bf1 Ng8 38. Qf2 1-0

[Event "Open Nord 2010/2011"]
[Site "Meyreuil"]
[Date "2010.12.04"]
[Round "3"]
[White "Olive, Guillaume"]
[Black "Joubert, Leo"]
[Result "0-1"]
[WhiteElo "1610"]
[BlackElo "1753"]
[PlyCount "100"]
[EventDate "2010.??.??"]

1. e4 Nf6 2. Nc3 d5 3. d3 dxe4 4. dxe4 Qxd1+ 5. Kxd1 e5 6. Nf3 Bd6 7. Bc4 O-O
8. Bg5 Ng4 9. Ke2 Nd7 10. h3 Ngf6 11. Rad1 h6 12. Bh4 Re8 13. a3 a6 14. Rhe1
Nh5 15. Kf1 g5 16. Bg3 Nf4 17. Bxf4 gxf4 18. g3 fxg3 19. fxg3 Nf6 20. Nd5 Bxh3+
21. Kg1 Nxd5 22. Bxd5 Bg4 23. Rf1 Re7 24. b4 Rb8 25. c4 c5 26. b5 axb5 27. cxb5
Ra8 28. Bxb7 Rxb7 29. Rxd6 Rxa3 30. Nxe5 Be6 31. b6 Rxg3+ 32. Kh2 Rh3+ 33. Kg2
Rb3 34. Rc1 c4 35. Nxc4 Bxc4 36. Rxc4 R3xb6 37. e5 Rxd6 38. exd6 Rd7 39. Rc6
Kg7 40. Kf3 Kf6 41. Kg4 Ke6 42. Kh5 Rxd6 43. Rxd6+ Kxd6 44. Kxh6 Ke5 45. Kg5 f5
46. Kh4 Ke4 47. Kg3 Ke3 48. Kg2 f4 49. Kf1 Kf3 50. Ke1 Kg2 0-1

[Event "Open Nord 2010/2011"]
[Site "Meyreuil"]
[Date "2010.12.04"]
[Round "3"]
[White "Thiers, Jean-Jacques"]
[Black "Montanelli, Tristan"]
[Result "0-1"]
[WhiteElo "1660"]
[BlackElo "1628"]
[PlyCount "60"]
[EventDate "2010.??.??"]

1. d4 d5 2. c4 e6 3. Nf3 c5 4. Bf4 Nc6 5. e3 Nf6 6. Nc3 a6 7. Rc1 cxd4 8. Nxd4
Bb4 9. a3 Bxc3+ 10. bxc3 Qe7 11. Qb3 O-O 12. Nxc6 bxc6 13. Be2 e5 14. Bg5 Be6
15. O-O h6 16. cxd5 cxd5 17. Bxf6 Qxf6 18. Qd1 Rfc8 19. Bg4 Rc5 20. Bxe6 fxe6
21. Qe2 a5 22. Rfd1 Rac8 23. Qd2 Rc4 24. Rc2 d4 25. exd4 exd4 26. Rdc1 Rxc3 27.
Rxc3 Rxc3 28. Rxc3 dxc3 29. Qc2 Qf5 30. Qc1 Qd3 0-1

[Event "Open Nord 2010/2011"]
[Site "Meyreuil"]
[Date "2010.12.04"]
[Round "3"]
[White "Arthaud, Geoffrey"]
[Black "Gozzo, Jean-Claude"]
[Result "1-0"]
[WhiteElo "1499"]
[BlackElo "1660"]
[PlyCount "129"]
[EventDate "2010.??.??"]

1. d4 d5 2. Nf3 e6 3. e3 Nf6 4. Bd3 c5 5. b3 Nc6 6. O-O cxd4 7. exd4 Bd7 8. a3
Be7 9. Nbd2 Rc8 10. c4 O-O 11. Bb2 Qb6 12. c5 Qd8 13. Ne5 b6 14. b4 bxc5 15.
dxc5 Qc7 16. f4 Ne8 17. Qh5 f5 18. Ndf3 Nf6 19. Qh3 Ne4 20. Nxc6 Bxc6 21. Nd4
Rf6 22. Nxc6 Qxc6 23. Bxf6 Bxf6 24. Bxe4 Bxa1 25. Bxf5 Bd4+ 26. Kh1 exf5 27.
Qxf5 Rf8 28. Qd3 Qf6 29. Qf3 Qe6 30. Qd3 Qe3 31. Qxe3 Bxe3 32. g3 d4 33. Rd1
Rc8 34. Kg2 a5 35. Kf3 axb4 36. axb4 Rb8 37. Rb1 Kf7 38. c6 Ke7 39. b5 Kd6 40.
Ke4 Re8+ 41. Kd3 Kc5 42. c7 Rc8 43. b6 Kc6 44. b7 Kxc7 45. bxc8=Q+ Kxc8 46. Rb5
Bg1 47. h3 h6 48. g4 Kd7 49. Re5 Kd6 50. Ke4 Be3 51. g5 hxg5 52. Rxg5 Ke6 53.
Rxg7 Kf6 54. Rg4 Bf2 55. h4 Kf7 56. h5 d3 57. Kxd3 Bc5 58. h6 Bf8 59. h7 Bg7
60. Ke4 Kf6 61. f5 Kf7 62. Rg6 Bb2 63. Rg8 Bg7 64. h8=Q Bxh8 65. Rxh8 1-0

[Event "Open Nord 2010/2011"]
[Site "Meyreuil"]
[Date "2010.12.04"]
[Round "3"]
[White "Schiano-Lomoriello, Didier"]
[Black "Blondelon, Claude"]
[Result "1-0"]
[WhiteElo "1530"]
[BlackElo "1490"]
[PlyCount "57"]
[EventDate "2010.??.??"]

1. e4 e6 2. d4 d5 3. Nc3 Nf6 4. e5 Nfd7 5. f4 Bb4 6. Nf3 c5 7. Be3 cxd4 8. Qxd4
Nc6 9. Qd3 Be7 10. O-O-O f5 11. Nd4 Nc5 12. Qd2 Bd7 13. Qf2 Qa5 14. Qe2 a6 15.
Kb1 Nb4 16. Nb3 Nxb3 17. cxb3 Rc8 18. Rc1 Rxc3 19. bxc3 Bb5 20. cxb4 Qxb4 21.
Qc2 O-O 22. Bxb5 axb5 23. Bc5 Bxc5 24. Qxc5 Qe4+ 25. Rc2 Qxf4 26. Qd6 Kf7 27.
Qd7+ Kg6 28. Qxe6+ Kg5 29. Qe7+ 1-0

[Event "Open Nord 2010/2011"]
[Site "Meyreuil"]
[Date "2010.12.04"]
[Round "4"]
[White "Mengus, Michel"]
[Black "Navarro, Bertrand"]
[Result "0-1"]
[WhiteElo "1700"]
[BlackElo "1686"]
[PlyCount "44"]
[EventDate "2010.11.14"]
[SourceDate "2010.11.07"]

1. c4 g6 2. g3 Bg7 3. Bg2 c6 4. Nc3 Nf6 5. e4 d6 6. d4 O-O 7. Nge2 Na6 8. O-O
e5 9. d5 cxd5 10. cxd5 Bd7 11. a3 Nh5 12. f4 exf4 13. Nxf4 Nxf4 14. Rxf4 Rc8
15. Bd2 Qb6+ 16. Kh1 Qxb2 17. Rb1 Qxa3 18. Rb3 Qc5 19. Ne2 Ba4 20. Be3 Qxe3 21.
Rxe3 Bxd1 22. Ng1 Bh6 0-1

[Event "Open Nord 2010/2011"]
[Site "Meyreuil"]
[Date "2010.12.04"]
[Round "4"]
[White "Olive, Guillaume"]
[Black "Montanelli, Tristan"]
[Result "0-1"]
[WhiteElo "1610"]
[BlackElo "1628"]
[PlyCount "88"]
[EventDate "2010.??.??"]

1. e4 e6 2. d4 c5 3. c3 Nf6 4. e5 Nd5 5. Nf3 Be7 6. Bd3 cxd4 7. cxd4 Nc6 8. O-O
O-O 9. Nc3 Ndb4 10. a3 Nxd3 11. Qxd3 d5 12. Be3 a5 13. Rac1 f5 14. g3 Bd7 15.
h4 h6 16. Qd2 Qe8 17. Nb5 Nxe5 18. Nxe5 Bxb5 19. Rfe1 Bf6 20. Bxh6 gxh6 21.
Qxh6 Bg7 22. Qg5 Bc6 23. Ng6 Rf6 24. Nf4 Kh7 25. Nxe6 Qg6 26. Qxg6+ Rxg6 27.
Nf4 Rd6 28. Re7 Kg8 29. Rd1 Re8 30. Rc7 Re4 31. Rc8+ Kh7 32. Rc7 Kh6 33. Kg2
Rxd4 34. Rxd4 Bxd4 35. b4 Bb6 36. Rf7 d4+ 37. f3 d3 38. Kh3 d2 39. g4 fxg4+ 40.
fxg4 Bd7 41. Kg3 Bxg4 42. Kxg4 d1=Q+ 43. Kf5 Bd8 44. h5 Qd4 0-1

[Event "Open Nord 2010/2011"]
[Site "Meyreuil"]
[Date "2010.12.04"]
[Round "4"]
[White "Garcia, Robustiano"]
[Black "Beraud, Robert"]
[Result "0-1"]
[WhiteElo "1670"]
[BlackElo "1720"]
[PlyCount "70"]
[EventDate "2010.??.??"]

1. d4 Nf6 2. c4 g6 3. Nc3 Bg7 4. e4 d6 5. Nf3 O-O 6. Be2 e5 7. O-O Nc6 8. d5
Ne7 9. Ne1 Nd7 10. Be3 f5 11. f3 f4 12. Bf2 g5 13. a4 a5 14. Nb5 Rf7 15. Nd3 b6
16. b4 axb4 17. Nxb4 Nc5 18. Bxc5 bxc5 19. Nc6 Qd7 20. Nxe7+ Qxe7 21. a5 h5 22.
Ra2 Bf8 23. Qa1 Ra6 24. Rb1 g4 25. Nc3 Qh4 26. Rb8 Bd7 27. Qb1 Rg7 28. Rxf8+
Kxf8 29. Qb8+ Ke7 30. Ra1 Rxa5 31. Rxa5 Qe1+ 32. Bf1 gxf3 33. Qb1 Rxg2+ 34. Kh1
Qf2 35. Ne2 Rxh2# 0-1

[Event "Open Nord 2010/2011"]
[Site "Meyreuil"]
[Date "2010.12.05"]
[Round "4"]
[White "Lucas, Jacques"]
[Black "Raymond, Xavier"]
[Result "0-1"]
[WhiteElo "1380"]
[BlackElo "1480"]
[PlyCount "98"]
[EventDate "2010.??.??"]

1. e4 e5 2. Nf3 Nc6 3. a3 a6 4. Bc4 Bc5 5. c3 Nf6 6. d3 O-O 7. O-O d5 8. exd5
Nxd5 9. d4 exd4 10. Nxd4 Nxd4 11. cxd4 Ba7 12. Nc3 Nf6 13. d5 b5 14. Be2 Bb7
15. Bf3 Qd6 16. g3 Rad8 17. Bf4 Qd7 18. d6 Bxf3 19. Qxf3 cxd6 20. Rad1 d5 21.
Rd3 d4 22. Rfd1 Qc8 23. Ne4 Nxe4 24. Qxe4 Rfe8 25. Qf3 Qc2 26. R1d2 Qb1+ 27.
Kg2 Re1 28. b4 Rde8 29. Rd1 Rxd1 30. Rxd1 Qe4 31. Qxe4 Rxe4 32. Rd3 f6 33. Kf3
Re1 34. h4 Kf7 35. g4 Ke6 36. h5 Kd5 37. g5 Kc4 38. gxf6 gxf6 39. Rd2 d3 40.
Be3 Bxe3 41. fxe3 Kc3 42. Ra2 d2 43. Rxd2 Kxd2 44. e4 Kd3 45. Kf4 Rxe4+ 46. Kf5
Re5+ 47. Kxf6 Rxh5 48. Ke6 Rg5 49. Kd6 h5 0-1

[Event "Open Nord 2010/2011"]
[Site "Meyreuil"]
[Date "2010.12.04"]
[Round "4"]
[White "Blondelon, Claude"]
[Black "Arthaud, Geoffrey"]
[Result "1/2-1/2"]
[WhiteElo "1490"]
[BlackElo "1499"]
[PlyCount "77"]
[EventDate "2010.??.??"]

1. d4 Nf6 2. c4 e6 3. Nc3 Bb4 4. a3 Bxc3+ 5. bxc3 b6 6. Nf3 Ba6 7. e3 Nc6 8.
Nd2 Na5 9. Be2 O-O 10. O-O Rc8 11. a4 c5 12. dxc5 Rxc5 13. Ba3 Rg5 14. Bxf8
Qxf8 15. Re1 Qc8 16. Nf3 Rc5 17. Nd2 Bxc4 18. Bxc4 Nxc4 19. Nxc4 Rxc4 20. Qe2
Ne4 21. Qd3 Nxc3 22. Kf1 Nxa4 23. Red1 Nb2 24. Qxd7 Nxd1 25. Rxa7 Nxe3+ 26.
fxe3 Rc1+ 27. Ke2 Qc2+ 28. Kf3 Rf1+ 29. Kg3 Qg6+ 30. Kh3 Qh5+ 31. Kg3 Qg5+ 32.
Kh3 Qxe3+ 33. g3 Qh6+ 34. Kg2 Rg1+ 35. Kxg1 Qc1+ 36. Kg2 Qc2+ 37. Kh3 Qf5+ 38.
Kg2 Qc2+ 39. Kh3 1/2-1/2

[Event "Open Nord 2010/2011"]
[Site "Meyreuil"]
[Date "2010.12.04"]
[Round "4"]
[White "Joubert, Leo"]
[Black "Thiers, Jean-Jacques"]
[Result "1-0"]
[WhiteElo "1753"]
[BlackElo "1660"]
[PlyCount "75"]
[EventDate "2010.??.??"]

1. d4 d5 2. c4 e6 3. cxd5 exd5 4. Nc3 c6 5. Qc2 Nf6 6. Bg5 Be7 7. e3 h6 8. Bxf6
Bxf6 9. Bd3 O-O 10. Nge2 b6 11. b4 Nd7 12. O-O Bb7 13. Rac1 Rc8 14. Qb1 Qe7 15.
a4 Rc7 16. Nxd5 Qd6 17. Nxc7 Qxc7 18. Be4 Re8 19. Bf3 Qd6 20. Rfd1 Nf8 21. b5
Rc8 22. Ng3 Ng6 23. Ne4 Qe6 24. Nxf6+ Qxf6 25. Qb2 Nh4 26. Qe2 Nf5 27. Bxc6
Bxc6 28. Rxc6 Rxc6 29. bxc6 Qxc6 30. Qb5 Qe6 31. Qe5 Qb3 32. Rc1 Qd3 33. h3 Nh4
34. Qf4 Nf5 35. Rc8+ Kh7 36. Rc7 g5 37. Qf3 Kg6 38. e4 1-0

[Event "Open Nord 2010/2011"]
[Site "Meyreuil"]
[Date "2011.01.08"]
[Round "5"]
[White "Beraud, Robert"]
[Black "Navarro, Bertrand"]
[Result "1/2-1/2"]
[WhiteElo "1750"]
[BlackElo "1677"]
[PlyCount "42"]
[EventDate "2011.??.??"]

1. e4 d6 2. d4 Nf6 3. Nc3 e5 4. Nf3 Nbd7 5. Bc4 Be7 6. Ng5 O-O 7. Bxf7+ Rxf7 8.
Ne6 Qe8 9. Nxc7 Qd8 10. Nxa8 b6 11. dxe5 dxe5 12. Nd5 Nxe4 13. O-O Bc5 14. Be3
Ba6 15. Nac7 Bxf1 16. Ne6 Qh4 17. Qxf1 Bxe3 18. Nxe3 Nxf2 19. Qe2 Ne4 20. Rf1
Rxf1+ 21. Nxf1 Nef6 1/2-1/2